000 01690nam a2200517 i 4500
001 9553
003 KOSZ 005
005 20220429080515.0
008 000531s1978 pl f |001 0 pol
015 _aUWD 1979/2100
035 _a991014015039705066
035 _a(PL-WaBN)b13768153-48omnis_nlop
035 _ab13768153
035 _a(OCoLC)749370650
035 _a(PL)b0000001376815
035 _a(EXLNZ-48OMNIS_NETWORK)9910298565405606
040 _aWA N
_cWA N
_dKOSZ 005/HR
041 0 _apol
_aeng
046 _k1978
080 _a005.92
080 _a811.111
080 _a(07)
100 1 _aFalkowska, Mira
_eAutor
245 1 0 _aWzory listów angielskich /
_cMira Falkowska, Ryszard Majewski, Barbara Pawłowska.
260 _aWarszawa :
_b"Wiedza Powszechna",
_c1978.
300 _a265, [3] s. ;
_c20 cm.
336 _aTekst
_btxt
_2rdacontent
337 _aBez urządzenia pośredniczącego
_bn
_2rdamedia
338 _aWolumin
_bnc
_2rdacarrier
380 _aKsiążki
388 _a1901-2000
388 _a1945-1989
504 _aBibliogr. s. [266]. - Indeks.
650 7 _aJęzyk angielski
_2DBN
655 7 _aListy angielskie
_2DBN
655 7 _aKorespondencja urzędowa
655 7 _aTablice i wzory
655 7 _aPodręcznik
_2DBN
658 _aJęzykoznawstwo
700 1 _aMajewski, Ryszard Eustachy
_eAutor
700 1 _aPawłowska, Barbara Elżbieta
_eAutor
710 2 _aPaństwowe Wydawnictwo Wiedza Powszechna
_4pbl
856 _uhttp://koha.tu.koszalin.pl/cgi-bin/koha/opac-detail.pl?biblionumber=9553
_yKatalog online BPK
942 _2UKD
_cKS
999 _c9553
_d9553